<?xml version="1.0" encoding="UTF-8"?>
<record
    xmlns:xsi="http://www.w3.org/2001/XMLSchema-instance"
    xsi:schemaLocation="http://www.loc.gov/MARC21/slim http://www.loc.gov/standards/marcxml/schema/MARC21slim.xsd"
    xmlns="http://www.loc.gov/MARC21/slim">

  <leader>00910nam a22001937a 4500</leader>
  <controlfield tag="005">20251008124202.0</controlfield>
  <datafield tag="010" ind1=" " ind2=" ">
    <subfield code="a">HIN-130484</subfield>
  </datafield>
  <datafield tag="020" ind1=" " ind2=" ">
    <subfield code="a">9789390708987</subfield>
  </datafield>
  <datafield tag="035" ind1=" " ind2=" ">
    <subfield code="a">HN-102830</subfield>
  </datafield>
  <datafield tag="037" ind1=" " ind2=" ">
    <subfield code="b">DBAD</subfield>
    <subfield code="a">1</subfield>
  </datafield>
  <datafield tag="082" ind1=" " ind2=" ">
    <subfield code="a">820.08</subfield>
    <subfield code="2">&#x92A;&#x94D;&#x930;&#x925;&#x92E; </subfield>
    <subfield code="b">1</subfield>
  </datafield>
  <datafield tag="100" ind1=" " ind2=" ">
    <subfield code="a">&#x936;&#x94D;&#x930;&#x940;&#x935;&#x93E;&#x938;&#x94D;&#x924;&#x935; &#x930;&#x93E;&#x92E;&#x92A;&#x93E;&#x932; </subfield>
    <subfield code="9">85427</subfield>
  </datafield>
  <datafield tag="245" ind1=" " ind2=" ">
    <subfield code="a">&#x938;&#x924;&#x94D;&#x924;&#x93E; &#x915;&#x947; &#x917;&#x932;&#x93F;&#x92F;&#x93E;&#x930;&#x947; &#x92E;&#x947;&#x902;  &#x938;&#x92B;&#x93C;&#x947;&#x926; &#x939;&#x93E;&#x925;&#x940;/</subfield>
    <subfield code="c"> &#x930;&#x93E;&#x92E;&#x92A;&#x93E;&#x932; &#x936;&#x94D;&#x930;&#x940;&#x935;&#x93E;&#x938;&#x94D;&#x924;&#x935; </subfield>
    <subfield code="h">&#x939;&#x93F;&#x902;&#x926;&#x940; </subfield>
  </datafield>
  <datafield tag="250" ind1=" " ind2=" ">
    <subfield code="a">&#x92A;&#x94D;&#x930;&#x925;&#x92E; </subfield>
  </datafield>
  <datafield tag="260" ind1=" " ind2=" ">
    <subfield code="a">&#x938;&#x93E;&#x939;&#x93F;&#x92C;&#x93E;&#x92C;&#x93E;&#x926; </subfield>
    <subfield code="b">&#x936;&#x941;&#x92D;&#x926;&#x93E; &#x92C;&#x941;&#x915;&#x94D;&#x938; </subfield>
    <subfield code="c">2023</subfield>
  </datafield>
  <datafield tag="270" ind1=" " ind2=" ">
    <subfield code="a">&#x92C;&#x940;,140/&#x90F;&#x938;-2, &#x936;&#x93E;&#x932;&#x940;&#x92E;&#x93E;&#x930; &#x917;&#x93E;&#x930;&#x94D;&#x921;&#x928; &#x90F;&#x915;&#x94D;&#x938;&#x91F;&#x947;&#x902;&#x936;&#x928;-2</subfield>
    <subfield code="b">&#x938;&#x93E;&#x939;&#x93F;&#x92C;&#x93E;&#x92C;&#x93E;&#x926; </subfield>
    <subfield code="e">201005</subfield>
    <subfield code="k">8851578398</subfield>
  </datafield>
  <datafield tag="300" ind1=" " ind2=" ">
    <subfield code="a">194 &#x92A;&#x943;.</subfield>
    <subfield code="c">22 &#x938;&#x947;&#x92E;&#x940; (&#x905;&#x91C;&#x93F;&#x932;&#x94D;&#x926; )</subfield>
  </datafield>
  <datafield tag="942" ind1=" " ind2=" ">
    <subfield code="2">ddc</subfield>
    <subfield code="c">HN</subfield>
    <subfield code="h">820.08</subfield>
    <subfield code="m">&#x936;&#x94D;&#x930;&#x940;&#x935;&#x93E;&#x938;&#x94D;&#x924; </subfield>
  </datafield>
  <datafield tag="999" ind1=" " ind2=" ">
    <subfield code="c">213616</subfield>
    <subfield code="d">213616</subfield>
  </datafield>
  <datafield tag="952" ind1=" " ind2=" ">
    <subfield code="0">0</subfield>
    <subfield code="1">0</subfield>
    <subfield code="4">0</subfield>
    <subfield code="7">1</subfield>
    <subfield code="a">DBAD</subfield>
    <subfield code="b">DBAD</subfield>
    <subfield code="d">2025-10-08</subfield>
    <subfield code="e">Delivery of Books Act Division</subfield>
    <subfield code="g">320.00</subfield>
    <subfield code="l">0</subfield>
    <subfield code="o">820.08 &#x936;&#x94D;&#x930;&#x940;&#x935;&#x93E;&#x938;&#x94D;&#x924; </subfield>
    <subfield code="p">HN-102830</subfield>
    <subfield code="r">2025-10-08 00:00:00</subfield>
    <subfield code="t"> 1</subfield>
    <subfield code="v">320.00</subfield>
    <subfield code="w">2025-10-08</subfield>
    <subfield code="y">HN</subfield>
  </datafield>
</record>
